<?xml version="1.0" encoding="UTF-8"?>
<record
    xmlns:xsi="http://www.w3.org/2001/XMLSchema-instance"
    xsi:schemaLocation="http://www.loc.gov/MARC21/slim http://www.loc.gov/standards/marcxml/schema/MARC21slim.xsd"
    xmlns="http://www.loc.gov/MARC21/slim">

  <leader>01584nam a22001817a 4500</leader>
  <datafield tag="999" ind1=" " ind2=" ">
    <subfield code="c">9161</subfield>
    <subfield code="d">9161</subfield>
  </datafield>
  <controlfield tag="003">GBCCL</controlfield>
  <controlfield tag="005">20241126110706.0</controlfield>
  <controlfield tag="008">220419b           ||||| |||| 00| 0 eng d</controlfield>
  <datafield tag="020" ind1=" " ind2=" ">
    <subfield code="a">9780983971634</subfield>
  </datafield>
  <datafield tag="040" ind1=" " ind2=" ">
    <subfield code="c">gbc</subfield>
  </datafield>
  <datafield tag="082" ind1=" " ind2=" ">
    <subfield code="a">270.82</subfield>
    <subfield code="b">LAR</subfield>
  </datafield>
  <datafield tag="100" ind1=" " ind2=" ">
    <subfield code="a">Johnson, Larry G </subfield>
    <subfield code="9">15970</subfield>
  </datafield>
  <datafield tag="245" ind1=" " ind2=" ">
    <subfield code="a">Evangelical Winter :</subfield>
    <subfield code="b">Restoring New Testament Christianity /</subfield>
    <subfield code="c">Larry G Johnson</subfield>
  </datafield>
  <datafield tag="260" ind1=" " ind2=" ">
    <subfield code="a">Oklahoma :</subfield>
    <subfield code="b">Anvil House Publishers LLC ,</subfield>
    <subfield code="c">2016</subfield>
  </datafield>
  <datafield tag="300" ind1=" " ind2=" ">
    <subfield code="a">315p. ;</subfield>
  </datafield>
  <datafield tag="505" ind1=" " ind2=" ">
    <subfield code="a">American evangelicalism has been on a downward slide since the 1960s. It has progressively succumbed to the humanistic spirit of the world and as a result has made the narrow gate wide. Now, large segments of the American evangelical church no longer identify with the truth, passion, power, and other hallmarks of New Testament Christianity. The spirit of the world has captured the hearts and agenda of many evangelical churches. Accommodation and compromise are key elements used to sanitize and smooth the rough edges of an old-fashioned gospel flowing from a rugged, blood-stained cross that requires death to self. In this new church man's efforts have replaced the inerrant Word of God as its guiding light, but such has brought the chill of a wintry season which has settled over much of evangelicalism in America. Correction must be preceded by a truthful diagnosis of the church's spiritual sickness. Accurately diagnosed, the church must make necessary course corrections in the light of the unalterable pattern of New Testament Christianity. That is the purpose of this book.</subfield>
  </datafield>
  <datafield tag="942" ind1=" " ind2=" ">
    <subfield code="2">ddc</subfield>
    <subfield code="c">BK</subfield>
    <subfield code="0">4</subfield>
  </datafield>
  <datafield tag="952" ind1=" " ind2=" ">
    <subfield code="0">0</subfield>
    <subfield code="1">0</subfield>
    <subfield code="2">ddc</subfield>
    <subfield code="4">0</subfield>
    <subfield code="7">0</subfield>
    <subfield code="a">GBC</subfield>
    <subfield code="b">GBC</subfield>
    <subfield code="c">CH</subfield>
    <subfield code="d">2022-04-19</subfield>
    <subfield code="l">4</subfield>
    <subfield code="o">270.82 LAR</subfield>
    <subfield code="p">015494</subfield>
    <subfield code="r">2025-05-01 00:00:00</subfield>
    <subfield code="s">2023-10-27</subfield>
    <subfield code="t">c.1</subfield>
    <subfield code="w">2022-04-19</subfield>
    <subfield code="y">BK</subfield>
  </datafield>
</record>
